Premárnená šanca?
Historické súvislosti vzniku kapitálového trhu SR. Súčasný stav kapitálového trhu SR. Väzby činnosti niektorých subjektov kapitálového trhu. Problematika fungovania Bratislavskej opčnej burzy. Možné východiská na riešenie problémov rozvoja kapitálového trhu SR.
Gespeichert in:
| 1. Verfasser: | |
|---|---|
| Format: | Buchkapitel |
| Sprache: | Slowakisch |
| Schlagworte: | |
| Tags: |
Keine Tags, Fügen Sie das erste Tag hinzu!
|
MARC
| LEADER | 00000naa a2200000 4500 | ||
|---|---|---|---|
| 001 | r013997 | ||
| 005 | 20221205075947.2 | ||
| 041 | 0 | |a slo | |
| 044 | |a SK | ||
| 245 | 1 | 0 | |a Premárnená šanca? |c R. Vochyan |
| 520 | |a Historické súvislosti vzniku kapitálového trhu SR. Súčasný stav kapitálového trhu SR. Väzby činnosti niektorých subjektov kapitálového trhu. Problematika fungovania Bratislavskej opčnej burzy. Možné východiská na riešenie problémov rozvoja kapitálového trhu SR. | ||
| 610 | 2 | 0 | |a trh kapitálový |
| 610 | 2 | 0 | |a Slovensko |
| 610 | 2 | 0 | |a Bratislavská opčná burza |
| 610 | 2 | 0 | |a BOB Bratislava |
| 100 | 1 | |a Vochyan, R. | |